| 000 | 00359nam a22001577a 4500 | ||
|---|---|---|---|
| 003 | MACL | ||
| 005 | 20151121134904.0 | ||
| 008 | 151121b xxu||||| |||| 00| 0 eng d | ||
| 040 | _cMACL | ||
| 041 | _aEnglish | ||
| 082 | _a823/VAS | ||
| 100 |
_aVasudev,Uma _917736 |
||
| 245 | _aA Collection of Short Stories | ||
| 650 |
_aStory _917737 |
||
| 942 |
_2ddc _cBK |
||
| 999 |
_c50818 _d50818 |
||